00608 2200229 4500001002100000005001700021006001900038008004100057020001800098035002500116082001000141084001600151100001700167245003500184250001000219260003000229300002600259650002100285700003000306990002100336990002100357INLIS00000000001552920160319092929.0a ||| | 170609| ||| |  a979-780-781-9 a0010-0316000000009290 a910.4 a910.4 NIN h0 aNinit Yunita00aHijabbperjalanan mencari arti aCet.1 aJakartabEntermediac2015 a327 hlm 4b ilusc19cm 0aKisah perjalanan0 aeditor; Bayu Novri Lianto a1975/B/KPAD/2016 a1976/B/KPAD/2016